La Femme - Mycose (Paroles) - Statistiques

Statistiques générales
  • Ce quiz a été pris 8 fois
  • Le résultat moyen est 105 sur 182
Statistiques - réponses
Paroles % Correct
je
100%
Je
100%
ma
100%
mycose
100%
mycose,
100%
Mycose,
100%
ne
100%
tu
100%
brûle,
80%
ça
80%
de
80%
des
80%
et
80%
Et
80%
fait
80%
fois
80%
gratte,
80%
J'ai
80%
80%
la
80%
mal
80%
mal,
80%
me
80%
mon
80%
n'est
80%
oh,
80%
pas
80%
pique
80%
prie,
80%
que
80%
t'en,
80%
t'en
80%
un
80%
une
80%
Va
80%
ai
60%
ce
60%
C'est
60%
c'est
60%
comment
60%
déjà
60%
démange,
60%
elle
60%
en
60%
est
60%
faire
60%
génital
60%
jamais
60%
j'en
60%
Mais
60%
marre
60%
moment
60%
organe
60%
peur,
60%
plus
60%
Pour
60%
pour
60%
première
60%
qu'elle
60%
qui
60%
se
60%
tiques,
60%
au
40%
bizarre,
40%
cet
40%
dans
40%
taire ?
40%
il
40%
interplanétaire
40%
laisse
40%
m'agaces
40%
moi
40%
mycoses
40%
Ou
40%
ou
40%
parasites
40%
parle
40%
parte
40%
phobie
40%
qu'on
40%
rester
40%
réveille,
40%
sale
40%
station
40%
sur
40%
Sur
40%
veux
40%
vite
40%
Voilà
40%
vos
40%
vous
40%
aille
20%
ailles
20%
ailleurs
20%
alors
20%
atmosphère
20%
bouches,
20%
calvaire,
20%
enfer
20%
faudrait
20%
Fermez
20%
finir
20%
gêne
20%
grave,
20%
J'aimerais
20%
Jupiter
20%
Loin
20%
Lune,
20%
m'en
20%
m'obsède,
20%
Neptune
20%
paix
20%
partir
20%
Pluton,
20%
polluez
20%
soit
20%
sortir
20%
sphère
20%
Terre
20%
touche
20%
m'inscrire
0%
vais
0%
Aucun quiz correspondant
Distribution des résultats
% des personnes avec chaque résultat
Percentile par nombre de réponses
Votre historique - résultats
Vous n’avez pas pris ce quiz